| 000 | 00831nam a2200265 a 4500 | ||
|---|---|---|---|
| 001 | 68540 | ||
| 003 | BD-RjUL | ||
| 005 | 20211209081802.0 | ||
| 008 | 170403s1929 enkao 001 0 eng d | ||
| 035 | _a(BD-RjUL)68750 | ||
| 040 |
_aCOO _cCOO _dMNU _dEQO _dBD-RjUL _beng |
||
| 041 | _aeng | ||
| 082 |
_223 _a530.427 _bLAS 1929 |
||
| 100 | 1 |
_aLawrence, A. S. C. _9203141 |
|
| 245 | 1 | 0 |
_aSoap films : _ba study of molecular individuality / _cby A.S.C. Lawrence ; with a foreword by Sir William Bragg |
| 260 |
_aLondon : _bG. Bell & Sons, _c1929 |
||
| 300 |
_axi, 141 p. : _bill. ; _c23cm |
||
| 500 | _aIncludes index | ||
| 650 | 0 |
_aCapillarity. _9203142 |
|
| 650 | 0 |
_aMolecules _9203143 |
|
| 650 | 0 |
_aSoap _9202979 |
|
| 650 | 0 |
_aSoap bubbles _9203144 |
|
| 700 | 1 |
_aBragg, William Lawrence, _cSir, _d1890-1971 _9203145 |
|
| 942 |
_2ddc _cBK |
||
| 999 |
_c68540 _d68540 |
||